000 00373nam a2200145Ia 4500
008 221030s9999 xx 000 0 und d
041 _aEnglish
082 _a105.23
_bCar
100 _aA. B. Carlson
245 0 _aCommunication Systems : An Introduction to Signals & Noise
260 _bMcGraw - Hill Pub.
_aNew York
_c1986
300 _a686
650 _aECE
942 _cBK
999 _c1553
_d1553